All Pokémon Starters and Their Evolutions - Statistics

General Stats
  • This quiz has been taken 1,344 times
    1,109 since last reset
  • The average score is 52 of 82
Answer Stats
Generation Type Pokémon % Correct
I Grass/Poison Bulbasaur
99%
I Fire Charmander
97%
I Grass/Poison Ivysaur
96%
I Fire/Flying Charizard
95%
I Fire Charmeleon
95%
I Water Squirtle
95%
I (Yellow) Electric Pikachu
94%
I Water Blastoise
93%
I Water Wartortle
93%
I Grass/Poison Venusaur
92%
II Grass Chikorita
82%
III Fire Torchic
82%
III Water Mudkip
81%
III Grass Treecko
79%
IV Water Piplup
78%
II Water Totodile
78%
III Fire/Fighting Blaziken
77%
II Fire Cyndaquil
77%
V Grass Snivy
75%
IV Fire Chimchar
73%
IV Grass Turtwig
73%
II Fire Typhlosion
73%
IV Fire/Fighting Infernape
72%
II Grass Meganium
72%
III Grass Sceptile
72%
V Fire Tepig
72%
II Grass Bayleef
71%
VI Water/Dark Greninja
70%
III Water/Ground Swampert
70%
VI Water Froakie
69%
V Water Oshawott
69%
IV Water/Steel Empoleon
68%
II Water Feraligatr
68%
II Fire Quilava
68%
IV Grass/Ground Torterra
67%
III Fire/Fighting Combusken
66%
VII Grass/Flying Rowlet
66%
VI Grass Chespin
65%
V Fire/Fighting Emboar
65%
VII Fire Litten
65%
VI Fire Fennekin
63%
III Water/Ground Marshtomp
63%
III Grass Grovyle
62%
II Water Croconaw
61%
VII Fire/Dark Incineroar
60%
IV Fire/Fighting Monferno
60%
V Water Samurott
60%
V Grass Serperior
59%
VI Fire/Psychic Delphox
58%
VII Water Popplio
58%
IV Water Prinplup
58%
VII Grass/Ghost Decidueye
57%
IV Grass Grotle
56%
VI Grass/Fighting Chesnaught
55%
V Water Dewott
55%
VI Water Frogadier
55%
VIII Fire Scorbunny
55%
V Fire/Fighting Pignite
53%
VIII Water Sobble
53%
VIII Grass Grookey
52%
VII Water/Fairy Primarina
52%
V Grass Servine
52%
IX Fire Fuecoco
51%
VIII Fire/Fighting Cinderace
50%
IX Water Quaxly
50%
IX Grass Sprigatito
50%
VIII Water Inteleon
49%
VIIII Grass Rillaboom
49%
VII Fire Torracat
49%
VI Fire Braixen
48%
IX Grass/Dark Meowscarada
45%
VIII Fire Raboot
45%
VII Grass/Flying Dartrix
44%
VI Grass Quilladin
44%
VII Water Brionne
41%
IX Fire/Ghost Skeledirge
39%
VIII Grass Thwackey
39%
VIII Water Drizzile
37%
IX Water/Fighting Quaquaval
36%
IX Grass Floragato
33%
IX Water Quaxwell
32%
IX Fire Crocalor
31%
No matching quizzes found
Score Distribution
Percent of People with Each Score
Percentile by Number Answered
Your Score History
You have not taken this quiz since the last reset